Английский язык: Практикум устного перевода: учебное пособие; Ч. 1

Bibliographische Detailangaben
Körperschaft: Национальный исследовательский Томский политехнический университет Школа базовой инженерной подготовки
Weitere Verfasser: Зеремская Ю. А. Юлия Александровна (составитель), Солодовникова О. В. Ольга Владимировна
Zusammenfassung:Заглавие с титульного экрана
Электронная версия печатной публикации
Учебное пособие предназначено для слушателей дополнительной образовательной программы «Переводчик в сфере профессиональной коммуникации», изучающих дисциплину «Практикум устной и письменной речи (английский)», и включает в себя три модуля: «Мнемотехника и переключение», «Обычаи и традиции», «Инновации». Целью учебного пособия является подготовка переводчиков в сфере профессиональной коммуникации. Система упражнений разработана с учетом современных тенденций в теории и практике перевода и переводоведения и направлена на овладение слушателями необходимым первоначальным языковым материалом.
Режим доступа: из корпоративной сети ТПУ
Sprache:Englisch
Russisch
Veröffentlicht: Томск, Изд-во ТПУ, 2020
Schlagworte:
Online-Zugang:https://www.lib.tpu.ru/fulltext2/m/2020/m042.pdf
Format: Elektronisch Buch
KOHA link:https://koha.lib.tpu.ru/cgi-bin/koha/opac-detail.pl?biblionumber=345091

MARC

LEADER 00000nam0a2200000 4500
001 345091
005 20231225111245.0
035 |a (RuTPU)RU\TPU\book\376903 
035 |a RU\TPU\book\372900 
090 |a 345091 
100 |a 20200723d2020 m y0rusy50 ca 
101 0 |a eng  |a rus 
102 |a RU 
105 |a a j 001zy 
135 |a drgn ---uucaa 
181 0 |a i  
182 0 |a b 
200 1 |a Английский язык: Практикум устного перевода  |e учебное пособие  |d Practical interpretation  |h Ч. 1  |f Национальный исследовательский Томский политехнический университет; сост. Ю. А. Зеремская ; О. В. Солодовникова 
203 |a Текст  |c электронный 
210 |a Томск  |c Изд-во ТПУ  |d 2020 
300 |a Заглавие с титульного экрана 
300 |a Электронная версия печатной публикации 
330 |a Учебное пособие предназначено для слушателей дополнительной образовательной программы «Переводчик в сфере профессиональной коммуникации», изучающих дисциплину «Практикум устной и письменной речи (английский)», и включает в себя три модуля: «Мнемотехника и переключение», «Обычаи и традиции», «Инновации». Целью учебного пособия является подготовка переводчиков в сфере профессиональной коммуникации. Система упражнений разработана с учетом современных тенденций в теории и практике перевода и переводоведения и направлена на овладение слушателями необходимым первоначальным языковым материалом. 
333 |a Режим доступа: из корпоративной сети ТПУ 
488 1 |0 (RuTPU)RU\TPU\book\377019  |t Английский язык : Практикум устного перевода  |h Ч. 1  |l Practical Interpretation  |o учебное пособие  |f Национальный исследовательский Томский политехнический университет ; авт.-сост. Ю. А. Зеремская ; авт.-сост. О. В. Солодовникова  |c Томск  |n Изд-во ТПУ  |d 2020  |p 64 с. 
510 1 |a Practical interpretation  |z eng 
606 1 |a Английский язык  |x Учебные пособия для высшей школы  |x Перевод  |x Стилистика  |2 stltpush  |3 (RuTPU)RU\TPU\subj\67657  |9 83378 
610 1 |a электронный ресурс 
610 1 |a труды учёных ТПУ 
610 1 |a учебные пособия 
610 1 |a лексика 
610 1 |a грамматика 
610 1 |a английский язык 
610 1 |a мнемотехника 
610 1 |a переключение 
610 1 |a обычаи 
610 1 |a традиции 
610 1 |a инновации 
610 1 |a переводчики 
610 1 |a профессиональные коммуникации 
610 1 |a переводоведение 
686 |a Ш143.21-923.7  |2 rubbk 
702 1 |a Зеремская  |b Ю. А.  |c лингвист  |c доцент Томского политехнического университета, кандидат филологических наук  |f 1980-  |g Юлия Александровна  |3 (RuTPU)RU\TPU\pers\31962  |4 220  |9 16022 
702 1 |a Солодовникова  |b О. В.  |c лингвист  |c доцент Томского политехнического университета, кандидат философских наук  |f 1971-  |g Ольга Владимировна  |3 (RuTPU)RU\TPU\pers\26848  |4 220 
712 0 2 |a Национальный исследовательский Томский политехнический университет  |b Школа базовой инженерной подготовки  |c (2017- )  |3 (RuTPU)RU\TPU\col\23509 
801 1 |a RU  |b 63413507  |c 20110421 
801 2 |a RU  |b 63413507  |c 20201106  |g RCR 
856 4 |u https://www.lib.tpu.ru/fulltext2/m/2020/m042.pdf 
942 |c BK